Historical Figures whose Names starts with A - Statistics

General Stats
  • This quiz has been taken 67 times
    42 since last reset
  • The average score is 18 of 24
Answer Stats
Picture Hint Answer % Correct
e = mc² Albert Einstein
100%
Civil War U.S. president Abraham Lincoln
97%
Führer of Nazi-Germany Adolf Hitler
97%
Macedonian ruler Alexander the Great
97%
WW II diary Anne Frank
97%
first practical telephone Alexander Graham Bell
92%
leader of the Huns Attila the Hun
92%
Greek empirist philosopher Aristotle
89%
first Roman emperor Augustus
89%
Murder on the Orient Express Agatha Christie
84%
Vertigo Alfred Hitchcock
84%
Queen of Soul Aretha Franklin
84%
Trojan War Achilles
78%
Campbell's Soup Cans Andy Warhol
78%
Eureka! Archimedes
78%
enigma-code Alan Turing
76%
penicillin Alexander Fleming
73%
the Wealth of Nations Adam Smith
65%
Brave New World Aldous Huxley
65%
Charles Babbage's early mechanical general-purpose computer Ada Lovelace
57%
Sagrada Família Antoni Gaudí
51%
the Myth of Sisyphus Albert Camus
32%
father of modern chemistry Antoine Lavoisier
24%
last Roman emperor Augustulus
19%
No matching quizzes found
Score Distribution
Percent of People with Each Score
Percentile by Number Answered
Your Score History
You have not taken this quiz since the last reset